|
|
|
|
| LEADER |
01414nam a2200289 a 4500 |
| 001 |
0017203 |
| 003 |
BD-DhAAL |
| 008 |
090817s1999 enka b 001 0 eng d |
| 020 |
|
|
|a 0521651026
|
| 020 |
|
|
|a 0521658756 (pbk.)
|
| 040 |
|
|
|a UKM
|c UKM
|d TXH
|d NhD
|d BD-DhAAL
|
| 082 |
0 |
0 |
|a 418.0071
|2 21
|
| 100 |
1 |
|
|a Purpura, James E.
|q (James Enos),
|d 1951-
|9 58392
|
| 245 |
1 |
0 |
|a Learner strategy use and performance on language tests :
|b a structural equation modeling approach /
|c James E. Purpura
|
| 260 |
|
|
|a Cambridge :
|b Cambridge University Press,
|c 1999
|
| 300 |
|
|
|a xii, 260 p. :
|b ill. ;
|c 23 cm
|
| 490 |
0 |
|
|a Studies in language testing ;
|v 8
|
| 504 |
|
|
|a Includes bibliographical references and indexes
|
| 526 |
|
|
|a ENH
|x Shenin Ziauddin and Nazia Husain
Faculty Members of BRAC University
|
| 541 |
1 |
|
|e 00017203
|a Friends' Book Corner
|
| 650 |
0 |
|
|a Language and languages
|x Ability testing
|
| 650 |
0 |
|
|a Competence and performance (Linguistics)
|9 41380
|
| 650 |
0 |
|
|a Language and languages
|x Study and teaching
|
| 852 |
4 |
|
|a Ayesha Abed Library
|c General Stacks
|
| 942 |
|
|
|2 ddc
|c BK
|
| 999 |
|
|
|c 3805
|d 3805
|
| 952 |
|
|
|0 0
|1 0
|2 ddc
|4 0
|6 418_007100000000000_PUR_1999
|7 0
|9 3457
|a BRACUL
|b BRACUL
|c GEN
|d 2009-09-05
|e Friends' Book Corner
|g 3600.00
|l 1
|m 30
|o 418.0071 PUR
|p 3010017203
|r 2019-04-24
|s 2018-09-23
|t 1
|w 2009-09-05
|y BK
|x Requisitioned by Shenin Ziauddin and Nazia Husain (Faculty Members of BRAC University)
|